000 00616nam a2200253Ia 4500
005 20260121154012.0
008 008 260114s9999 xx 000 0 eng d
020 _a9781003228035
037 _aEBOOK
040 _aCRL
040 _beng
040 _cCRL
041 _2eng
041 _aeng
084 _qCRL
100 _a Jaan S. Islam; Adem Eryi?it
_91001781
245 0 _aIslam and the State in Ibn Taymiyya
260 _bTaylor and Francis
260 _c2023
856 _uhttp://www.taylorfrancis.com/books/9781003228035
942 _cEBOOK
999 _c1568602
_d1568602